Graduate texts in mathematics readings in mathematics (Record no. 818914)

MARC details
000 -LEADER
fixed length control field 00628nam a2200217Ia 4500
008 - FIXED-LENGTH DATA ELEMENTS--GENERAL INFORMATION
fixed length control field 101110s9999 xx 000 0 und d
041 ## - LANGUAGE CODE
Language code of text/sound track or separate title ENGLISH
082 ## - DEWEY DECIMAL CLASSIFICATION NUMBER
Item number SR26324
100 ## - MAIN ENTRY--PERSONAL NAME
Personal name Axler S. Gehring Ribet K.A. (Ed.)
245 ## - TITLE STATEMENT
Title Graduate texts in mathematics readings in mathematics
260 ## - PUBLICATION, DISTRIBUTION, ETC. (IMPRINT)
Date of publication, distribution, etc 2004
Name of publisher, distributor, etc Springar, New York
300 ## - PHYSICAL DESCRIPTION
Extent 551
365 ## - TRADE PRICE
Price amount 450
520 ## - SUMMARY, ETC.
Summary, etc Stats/Maths
546 ## - LANGUAGE NOTE
Language note ENGLISH
630 ## - SUBJECT ADDED ENTRY--UNIFORM TITLE
Uniform title Graduate texts in mathematics readings in mathematics
650 ## - SUBJECT ADDED ENTRY--TOPICAL TERM
Topical term or geographic name as entry element Stats/Maths
655 ## - INDEX TERM--GENRE/FORM
Genre/form data or focus term Stats/Maths
730 ## - ADDED ENTRY--UNIFORM TITLE
Uniform title Graduate texts in mathematics readings in mathematics
942 ## - ADDED ENTRY ELEMENTS (KOHA)
Koha item type Book
Holdings
Withdrawn status Lost status Damaged status Not for loan Home library Current library Shelving location Date acquired Source of acquisition Cost, normal purchase price Shelving control number Total Checkouts Barcode Date last seen Price effective from Koha item type
        D. B. J. College, Chiplun D. B. J. College, Chiplun     Prashant Book Depo, chiplun,bill197,dt.6-10-04 450.00     DBJSR26324 11/11/2010 11/11/2010 Book